Movimientos comprometidos con la vida: ambientalismos y conflictos actuales en América Latina /

Na minha lista:
Detalhes bibliográficos
Autor principal: Acosta, Alberto
Outros Autores: Machado, Decio
Formato: Texto
Tags: Adicionar Tag
Sem tags, seja o primeiro a adicionar uma tag!

MARC

LEADER 00000 a a2200000 04500
001 47262
003
040
100 |a Acosta, Alberto  
245 |a Movimientos comprometidos con la vida:   |b ambientalismos y conflictos actuales en América Latina /  |c Alberto Acosta, Decio Machado  
700 |a Machado, Decio  
773 |g volumen13, número32, (2012), páginas 67-94  
999 |c 28584  |d 28584